000
00342nam a2200157Ia 4500
100
_a
Muller/ Robert J
250
_a
2
942
_c
BK
654
_a
Computer
245
_a
Oracle : Designer/2000 Handbook
260
_b
Tata Mc Graw hill
_a
New york
_c
1997
082
_a
005.13(O)
_b
MUL
300
_a
728
546
_a
ENGLISH
999
_c
24075
_d
24075